000 01122nam a2200289Ia 4500
001 Para_2934
003 CHAP
008 220125s1984 xx 000 0 und d
010 _a201456
040 _cCHAP
090 _aPA FOLLETO 2975
100 _aGonzález Meza, Arnulfo
_949177
245 _aFertilización y control de maleza en la asociación maíz-1B-calabaza en la zona henequenera /
_c por Arnulfo González Meza J. Espiridión Reyes Chávez
260 _aMérida, Yuc. :
_b INIA. Campo Agrícola Experimental Zona Henequenera
300 _a16 p.
440 _aFolleto técnico; 2
_942068
650 _aMaíz
_x Malas hierbas
_x Control Calabaza
_x Malas hierbas
_9166369
700 _aReyes Chávez, Espiridión
_996784
710 _aInstituto Nacional de Investigaciones Agrícolas. México. Campo Agrícola Experimental Zona Henequenera
_9164799
901 _aPA FOLLETO 2975
902 _aA
905 _a0000001984 MER 0000000000 00
910 _a1984
942 _cPARA
942 _cPARA
_d1
999 _c201456
_d201456